Statistiques concernant Pokémon - Les attaques de Loupio

Cliquez ici pour prendre le quiz!

Statistiques générales

  • Ce quiz a été pris 10 fois
  • Le résultat moyen est 9 sur 13

Statistiques - réponses

NiveauxTypesNoms des attaques% Correct
Niveau 12EauBulles d'O
88%
Niveau 8ÉlectriqueCage Éclair
88%
Niveau 20ÉlectriqueÉtincelle
88%
Niveau 44EauHydrocanon
88%
Niveau 24ÉlectriqueChargeur
75%
Niveau 28ÉlectriqueCoup d'Jus
75%
Niveau 16SpectreOnde Folie
75%
DépartEauPistolet à O
75%
Niveau 32EauAnneau Hydro
63%
Niveau 40NormalBélier
63%
Niveau 4ÉlectriqueBoule Élek
50%
Niveau 36NormalGigotage
38%
DépartNormalUltrason
38%

Distribution des résultats

Percentile par nombre de réponses

% des personnes avec chaque résultat

Votre développement - résultats

Vous n’avez pas pris ce quiz